Loading...
| Science - Biology | 0 | 5 | 0 | 2 | 50 | 66 | 80.80 | 0 | 2 | 0.00 | 0.00 |
| Literature - European | 0 | 3 | 0 | 1 | 30 | 80 | 105.67 | 0 | 0 | 0.00 | 0.00 |
| History - World | 0 | 3 | 0 | 0 | 30 | 39 | 58.33 | 0 | 2 | 0.00 | 0.00 |
| Science - Chemistry | 0 | 3 | 0 | 0 | 30 | 60 | 80.33 | 0 | 1 | 0.00 | 0.00 |
| Science - Physics | 0 | 3 | 1 | 0 | 25 | 43 | 64.67 | 0 | 1 | 0.00 | 0.00 |
| Social Science | 0 | 2 | 0 | 2 | 20 | 65 | 82.00 | 0 | 0 | 0.00 | 0.00 |
| Fine Arts - Other | 0 | 2 | 0 | 0 | 20 | 40 | 54.00 | 1 | 1 | 0.00 | 0.00 |
| Literature - World | 0 | 2 | 0 | 0 | 20 | 70 | 96.50 | 0 | 1 | 0.00 | 0.00 |
| Mythology | 0 | 2 | 0 | 0 | 20 | 67 | 68.50 | 0 | 1 | 0.00 | 0.00 |
| Religion | 0 | 2 | 0 | 0 | 20 | 70 | 76.00 | 0 | 1 | 0.00 | 0.00 |
| Current Events | 0 | 2 | 0 | 0 | 20 | 46 | 64.00 | 1 | 1 | 0.00 | 0.00 |
| History - American | 0 | 1 | 0 | 0 | 10 | 85 | 85.00 | 0 | 0 | 0.00 | 0.00 |
| Literature - British | 0 | 1 | 0 | 1 | 10 | 115 | 115.00 | 0 | 0 | 0.00 | 0.00 |
| Literature - American | 0 | 1 | 0 | 0 | 10 | 116 | 116.00 | 0 | 0 | 0.00 | 0.00 |
| Science - Other | 0 | 2 | 2 | 0 | 10 | 45 | 57.00 | 0 | 1 | 0.00 | 0.00 |
| Philosophy | 0 | 1 | 0 | 1 | 10 | 110 | 110.00 | 0 | 0 | 0.00 | 0.00 |
| Pop Culture | 0 | 1 | 0 | 0 | 10 | 28 | 28.00 | 1 | 1 | 0.00 | 0.00 |